[Event "World Cup U16 Girls Prel"]
[Site "Tornelo INT"]
[Date "2021.08.06"]
[Round "9"]
[White "Stephenson, Amy"]
[Black "Senger, Maria Clara da Silv"]
[Result "0-1"]
[WhiteElo "1339"]
[BlackElo "1286"]
[PlyCount "128"]
[EventDate "2021.08.06"]
[EventType "swiss (rapid)"]
[EventRounds "10"]
[EventCountry "NET"]
[SourceTitle "EXT 2025"]
[Source "ChessBase"]
[SourceDate "2024.10.14"]
[SourceVersion "1"]
[SourceVersionDate "2024.10.14"]
[SourceQuality "1"]

1. e4 e5 2. Nf3 Nc6 3. Bc4 Nf6 4. d3 Bc5 5. c3 Bb6 6. Bg5 h6 7. Bh4 g5 8. Bg3 d6 9. b4 Be6 10. Bb5 Bd7 11. a4 a6 12. Bc4 g4 13. Nh4 Nh5 14. Nf5 Qg5 15. Qb3 Rf8 16. Bh4 Qg6 17. Ng3 Nf4 18. Ne2 Nxg2+ 19. Kd2 Nxh4 20. Na3 Qg5+ 21. Kc2 Ne7 22. b5 a5 23. Rad1 Neg6 24. Ng3 Nf3 25. h4 Qe7 26. Bd5 Rb8 27. Nh5 Rg8 28. Ng3 Nf4 29. Nf5 Bxf5 30. exf5 h5 31. Nc4 Nxd5 32. Nxb6 Nxb6 33. Rde1 Kd7 34. Re3 Rbe8 35. d4 Qf6 36. dxe5 Rxe5 37. Rd1 Rxe3 38. fxe3 Re8 39. Rd3 Ne5 40. Rd1 Qxf5+ 41. Kb2 Nbc4+ 42. Ka2 Qf2+ 43. Kb1 f5 44. Rd5 f4 45. exf4 Qxf4 46. Rd1 Rf8 47. Qc2 Qf5 48. Qxf5+ Rxf5 49. Kc2 Rf7 50. Kb3 Rg7 51. Rd4 g3 52. Kc2 g2 53. Rd1 g1Q 54. Rxg1 Rxg1 55. Kb3 Rb1+ 56. Kc2 Rb2+ 57. Kd1 Ke6 58. b6 c6 59. Kc1 Kf5 60. Kd1 Ke4 61. Ke1 Kf3 62. Kd1 Ke3 63. Kc1 Kd3 64. Kd1 Rb1# 0-1

[Event "American World Cup Q Prelim"]
[Site "Tornelo INT"]
[Date "2021.05.08"]
[Round "4"]
[White "Stephenson, Amy"]
[Black "Moncada Correa, Sara"]
[Result "0-1"]
[WhiteElo "1339"]
[BlackElo "1869"]
[PlyCount "62"]
[EventDate "2021.05.08"]
[EventType "swiss (rapid)"]
[EventRounds "9"]
[EventCountry "USA"]
[SourceTitle "CBM 202 Extra"]
[Source "ChessBase"]
[SourceDate "2021.07.31"]
[SourceVersion "1"]
[SourceVersionDate "2021.07.31"]
[SourceQuality "1"]

1. e4 e6 2. d4 d5 3. exd5 exd5 4. Nf3 Nf6 5. c4 Be7 6. Nc3 0-0 7. Be2 Bg4 8. 0-0 dxc4 9. Bxc4 Nc6 10. Be3 Bd6 11. h3 Bh5 12. Bg5 Be7 13. Be3 a6 14. Bb3 Qd6 15. Bc2 Rad8 16. g4 Bg6 17. Bxg6 hxg6 18. Ne2 Nd5 19. Rc1 Rfe8 20. Nc3 Nxe3 21. fxe3 Qg3+ 22. Kh1 Qxh3+ 23. Kg1 Qxg4+ 24. Kh1 Bd6 25. Ne5 Nxe5 26. dxe5 Qh3+ 27. Kg1 Rxe5 28. Kf2 Qh2+ 29. Ke1 Rxe3+ 30. Ne2 Bg3+ 31. Rf2 Qxf2# 0-1

[Event "Wch FIDE Online U14 Girls America qual"]
[Site "Tornelo INT"]
[Date "2020.12.04"]
[Round "7"]
[White "Stephenson, Amy"]
[Black "Caicedo Rios, Layla Yasmira"]
[Result "1/2-1/2"]
[WhiteElo "1320"]
[BlackElo "1103"]
[PlyCount "110"]
[EventDate "2020.12.01"]
[EventType "swiss (rapid)"]
[EventRounds "7"]
[EventCountry "ISS"]
[SourceTitle "EXT 2022"]
[Source "ChessBase"]
[SourceDate "2021.10.06"]
[SourceVersion "1"]
[SourceVersionDate "2021.10.06"]
[SourceQuality "1"]

1. e4 c5 2. Nf3 d6 3. Bb5+ Bd7 4. Bxd7+ Qxd7 5. 0-0 Nc6 6. Qe2 Nf6 7. c3 e6 8. Rd1 a6 9. d4 cxd4 10. cxd4 b5 11. Nc3 Be7 12. Bf4 0-0 13. Rac1 d5 14. exd5 exd5 15. Bg5 Rac8 16. Ne5 Qe6 17. Nxc6 Rxc6 18. Qf3 Re8 19. Re1 Ne4 20. Bxe7 Qxe7 21. h3 Qe6 22. Qf4 h6 23. f3 Qf6 24. Qxf6 Nxf6 25. Rxe8+ Nxe8 26. Re1 Nf6 27. Re5 Rd6 28. Kf2 Kf8 29. Ne2 Re6 30. Nf4 Rd6 31. g4 g5 32. Ng2 Re6 33. Ne3 Rd6 34. Nf5 Re6 35. Ke3 Rxe5+ 36. dxe5 Nd7 37. Kd4 Nb6 38. Nxh6 Ke7 39. Nf5+ Ke6 40. Ne3 a5 41. b3 a4 42. Nc2 axb3 43. axb3 Nd7 44. Nb4 Nxe5 45. Ke3 Kd6 46. Nd3 Nxd3 47. Kxd3 Ke5 48. Ke3 b4 49. Kd3 f6 50. Ke3 d4+ 51. Kd3 Kd5 52. Ke2 Ke5 53. Kd3 Kd5 54. Ke2 Kc5 55. Kd3 Kd5 1/2-1/2